00838cam a2200229Ma 450000500170000000800410001702000150005802000190007304000500009204100080014224500830015026000490023330000610028250400530034365000220039665000300041865000380044865000390048670000270052570000300055270000260058220140905105820.0140520s2011 enkad frb 001 0 eng d a1847202039 a9781847202031  aCO-BoUCMbspacJose A. GerenadJose A. Gerena aeng02aA handbook of transport economicsceditado por André de Palma ... [y otros.] aCheltenham (Reino Unido)bEdward Elgarc2011 axviii, 904 páginasbilustraciones, cuadros, gráficas aIncluye referencias bibliográficas e índices 7aDesarrollo urbano 7aEconomía del transporte 7aTransportexAspectos económicos 7aTransportexPolíricas públicas1 aLindsey, Robineeditor1 aPalma, André deeeditor1 aQuinet, Emileeeditor